00396nam a22001457a 4500003000500000005001700005008004100022040000600063082001400069100001900083245004600102260003900148300000900187650005400196CEME20210628210432.0210208b xxu||||| |||| 00| 0 eng d c. a297.7 GHU aGhulam Mustafa aGunahoan kay pahar aur bukhsish ka silaab aMULTANbKUTAB KHANA MAJEEDIAc1995 a213P aISLAM-BUKHSISH KA SILAAB ISLAM-GUNAHOAN KAY PAHAR